[Event "OLSW 1920 Gambit Saarbrücken - SK Gau-Al"]
[Site "?"]
[Date "2019.10.20"]
[Round "2.2"]
[White "Muller, Etienne"]
[Black "Kling, Felix"]
[Result "1/2-1/2"]
[WhiteElo "2181"]
[BlackElo "2148"]
[PlyCount "23"]
[EventDate "2019.??.??"]

1. e4 e5 2. Nf3 Nf6 3. d4 Nxe4 4. Bd3 d5 5. Nxe5 Nd7 6. Nxd7 Bxd7 7. O-O Bd6 8.
Re1 Bxh2+ 9. Kxh2 Qh4+ 10. Kg1 Qxf2+ 11. Kh2 Qh4+ 12. Kg1 1/2-1/2

[Event "OLSW 1920 Gambit Saarbrücken - SK Gau-Al"]
[Site "?"]
[Date "2019.10.20"]
[Round "2.3"]
[White "Frede, Lennart"]
[Black "Vogel, Christian"]
[Result "1/2-1/2"]
[WhiteElo "2190"]
[BlackElo "2211"]
[PlyCount "90"]
[EventDate "2019.??.??"]

1. e4 c5 2. Nf3 e6 3. Nc3 a6 4. g3 b5 5. Bg2 Bb7 6. d3 d6 7. O-O Nd7 8. Bf4
Ngf6 9. e5 dxe5 10. Nxe5 Bxg2 11. Kxg2 Nxe5 12. Bxe5 Bd6 13. Bxf6 Qxf6 14. a4
b4 15. Ne4 Qe7 16. Qf3 O-O 17. Nd2 f5 18. Rfe1 f4 19. g4 Rae8 20. Nc4 Rf6 21.
Re4 Ref8 22. Rae1 Bc7 23. Ne5 Rh6 24. h3 g5 25. Rc4 Bd6 26. b3 Qg7 27. Rce4
Rff6 28. Nc6 Rhg6 29. Ne5 Rh6 30. Nc4 Bc7 31. d4 cxd4 32. Rxd4 Rxh3 33. Kxh3
Rh6+ 34. Kg2 Qxd4 35. Rd1 Qa7 36. Rd7 Qb8 37. Qc6 f3+ 38. Qxf3 Bf4 39. Qc6 Qf8
40. Nd6 Rh2+ 41. Kg1 Bxd6 42. Qb6 Rxf2 43. Rd8 Rf1+ 44. Kg2 Rf2+ 45. Kg1 Rf1+
1/2-1/2

[Event "OLSW 1920 Gambit Saarbrücken - SK Gau-Al"]
[Site "?"]
[Date "2019.10.20"]
[Round "2.4"]
[White "Gross, Georg"]
[Black "Friedrich, Marius"]
[Result "1-0"]
[WhiteElo "2275"]
[BlackElo "2092"]
[PlyCount "61"]
[EventDate "2019.??.??"]

1. d4 d5 2. Nf3 Nf6 3. c4 c6 4. g3 g6 5. Bg2 Bg7 6. O-O O-O 7. cxd5 cxd5 8. Nc3
Nc6 9. Bf4 Ne4 10. Ne5 Nxc3 11. bxc3 Na5 12. e4 e6 13. Qf3 dxe4 14. Qxe4 Bd7
15. Rfd1 Ba4 16. Rd2 Bc6 17. Nxc6 Nxc6 18. Rad1 Qa5 19. c4 Bxd4 20. Rxd4 Nxd4
21. Rxd4 Qxa2 22. Bh3 Rad8 23. Bd6 Rfe8 24. Qe5 a5 25. Kg2 b6 26. Bg4 Qb2 27.
h4 f5 28. Bf3 Kf7 29. h5 Rg8 30. c5 bxc5 31. Qxc5 1-0

[Event "OLSW 1920 Gambit Saarbrücken - SK Gau-Al"]
[Site "?"]
[Date "2019.10.20"]
[Round "2.6"]
[White "Forthoffer, Patrick"]
[Black "Erlekam, Simon"]
[Result "1/2-1/2"]
[WhiteElo "2168"]
[BlackElo "1881"]
[PlyCount "93"]
[EventDate "2019.??.??"]

1. d4 Nf6 2. c4 g6 3. Nc3 Bg7 4. e4 d6 5. Nge2 Na6 6. f3 c5 7. d5 Nc7 8. Bg5 a6
9. a4 b6 10. Rb1 Bd7 11. b4 O-O 12. Qd2 cxb4 13. Rxb4 Rb8 14. Nd4 a5 15. Rb1
Na6 16. Be2 Nc5 17. Ndb5 Bxb5 18. Rxb5 Ne8 19. O-O Nc7 20. Rbb1 Qd7 21. Bd1
N7a6 22. Nb5 Rfc8 23. Bc2 Nb4 24. Rfc1 Nca6 25. Bd1 Nc5 26. Bc2 Nca6 27. Qe2
Na2 28. Rd1 Nc3 29. Nxc3 Bxc3 30. Be3 Nc5 31. Rb5 Rb7 32. Rdb1 Rcb8 33. Qf2 Bb4
34. Bd4 e5 35. Be3 Na6 36. f4 Nc7 37. R5xb4 axb4 38. fxe5 dxe5 39. Rxb4 Qd6 40.
c5 bxc5 41. Rxb7 Rxb7 42. Bxc5 Qd7 43. Bb6 Qd6 44. a5 Na8 45. Bc5 Qa6 46. Qd2
Qc4 47. Ba3 1/2-1/2

[Event "OLSW 1920 Gambit Saarbrücken - SK Gau-Al"]
[Site "?"]
[Date "2019.10.20"]
[Round "2.7"]
[White "Grieb, Lukas"]
[Black "Haenssel, Christian"]
[Result "1/2-1/2"]
[WhiteElo "1783"]
[BlackElo "2056"]
[PlyCount "48"]
[EventDate "2019.??.??"]

1. e4 c5 2. Nf3 d6 3. d4 cxd4 4. Nxd4 Nf6 5. Nc3 a6 6. Bg5 Nc6 7. Be2 e6 8. O-O
h6 9. Bxf6 Qxf6 10. Nb3 Qd8 11. f4 Qc7 12. f5 Be7 13. fxe6 Bxe6 14. Nd5 Bxd5
15. Qxd5 O-O 16. c3 Ne5 17. Nd4 Qc5 18. Qxc5 dxc5 19. Nf5 Bg5 20. h4 Bd8 21.
Rad1 Kh7 22. Rd5 Bc7 23. Kh1 b6 24. h5 g6 1/2-1/2

[Event "OLSW 1920 Gambit Saarbrücken - SK Gau-Al"]
[Site "?"]
[Date "2019.10.20"]
[Round "2.8"]
[White "Pryvalov, Ivan"]
[Black "Grieb, Stefan"]
[Result "1-0"]
[WhiteElo "2101"]
[BlackElo "1868"]
[PlyCount "75"]
[EventDate "2019.??.??"]

1. d4 d5 2. Nf3 Nf6 3. c4 c6 4. e3 Bf5 5. Nc3 e6 6. Be2 Bd6 7. Nh4 Bg6 8. Nxg6
hxg6 9. h3 Nbd7 10. Qc2 Rc8 11. c5 Be7 12. b4 e5 13. dxe5 Nxe5 14. Bb2 Ned7 15.
Na4 O-O 16. h4 Ne4 17. h5 Bf6 18. Nc3 Nxc3 19. Bxc3 Bxc3+ 20. Qxc3 Qf6 21. Qxf6
gxf6 22. Kd2 Rcd8 23. Rh4 f5 24. Rah1 Nf6 25. hxg6 fxg6 26. Bd3 Kg7 27. Kc3 Rf7
28. Kd4 Rfd7 29. f3 b5 30. g4 fxg4 31. fxg4 a5 32. a3 axb4 33. axb4 Re7 34.
R1h3 Ra8 35. Rh6 Ra4 36. Rxg6+ Kf7 37. Rf3 Rxb4+ 38. Kc3 1-0

[Event "OLSW 1920 SVG Saarbrücken - SF Heideshei"]
[Site "?"]
[Date "2019.10.20"]
[Round "2.1"]
[White "Carow, Johannes"]
[Black "Bastian, Herbert"]
[Result "1-0"]
[WhiteElo "2433"]
[BlackElo "2302"]
[PlyCount "55"]
[EventDate "2019.??.??"]

1. c4 e5 2. Nc3 Nc6 3. Nf3 g6 4. d4 exd4 5. Nd5 Bg7 6. Bg5 Nce7 7. Nxd4 c6 8.
Nc3 Qa5 9. Qd2 Nf6 10. Nb3 Qf5 11. f3 d5 12. cxd5 cxd5 13. g4 Qe6 14. Nd4 Qd7
15. Qf4 Ne4 16. Nxe4 dxe4 17. Rd1 Bxd4 18. Qxe4 Qe6 19. Qxd4 O-O 20. Bh6 f6 21.
Bxf8 Kxf8 22. g5 fxg5 23. Qh8+ Kf7 24. Qxh7+ Kf6 25. Qh8+ Kf7 26. Rd8 Qe3 27.
Qf8+ Ke6 28. Bh3+ 1-0

[Event "OLSW 1920 SVG Saarbrücken - SF Heideshei"]
[Site "?"]
[Date "2019.10.20"]
[Round "2.2"]
[White "Mohammad, Samir"]
[Black "Wilhelm, Till"]
[Result "0-1"]
[WhiteElo "2301"]
[BlackElo "2254"]
[PlyCount "94"]
[EventDate "2019.??.??"]

1. d4 d5 2. c4 e6 3. Nf3 Nf6 4. g3 dxc4 5. Bg2 a6 6. a4 Nc6 7. O-O Rb8 8. e3 b5
9. axb5 axb5 10. Qe2 Bd6 11. Rd1 Qe7 12. h3 O-O 13. b3 cxb3 14. Nfd2 Bb7 15.
Nxb3 e5 16. d5 Nb4 17. e4 c5 18. dxc6 Bxc6 19. Nc3 Rfd8 20. Be3 Be8 21. Qb2 Nc6
22. Bg5 Nb4 23. Rac1 h6 24. Be3 Nc6 25. Rb1 b4 26. Nd5 Nxd5 27. exd5 Na7 28.
Ra1 Nb5 29. Re1 f5 30. Na5 e4 31. Nc4 Bf7 32. Bf1 Rb7 33. Rec1 Bc7 34. d6 Bxd6
35. Nxd6 Nxd6 36. Bc5 b3 37. Rd1 Qe6 38. Bc4 Qg6 39. Bxf7+ Nxf7 40. Rxd8+ Nxd8
41. Bd4 Ne6 42. Bc3 Ng5 43. Kg2 Nf3 44. Qa3 Kh7 45. Bb2 Qf7 46. Qa5 Qd7 47. Rd1
Qxd1 0-1

[Event "OLSW 1920 SVG Saarbrücken - SF Heideshei"]
[Site "?"]
[Date "2019.10.20"]
[Round "2.3"]
[White "Enzmann, Steffen"]
[Black "Oliwa, Patryk"]
[Result "0-1"]
[WhiteElo "2171"]
[BlackElo "2224"]
[PlyCount "129"]
[EventDate "2019.??.??"]

1. Nf3 d5 2. g3 Nf6 3. Bg2 Nc6 4. O-O e5 5. d3 Be7 6. Nbd2 Bg4 7. c4 Qd7 8.
cxd5 Nxd5 9. Nc4 Bf6 10. Qa4 Rd8 11. Na5 Nb6 12. Qa3 Be7 13. b4 Bxb4 14. Qb2
Bxf3 15. Bxf3 Nxa5 16. Qxb4 Nc6 17. Bxc6 Qxc6 18. Ba3 Nd5 19. Qg4 Nc3 20. Rfe1
Qe6 21. Qb4 Nd5 22. Qxb7 Kd7 23. Qb5+ Qc6 24. Qxc6+ Kxc6 25. Rec1+ Kb7 26. Rc5
Rhe8 27. Rac1 Rd7 28. R1c4 f6 29. Re4 Re6 30. Ra4 Rb6 31. Kg2 a6 32. Rac4 c6
33. Bc1 Nc7 34. Rc2 Ne6 35. R5c3 Nd4 36. Rd2 Rb1 37. e3 Nb5 38. Rc4 Kb6 39. a4
Nd6 40. Rc3 Ra1 41. Rb2+ Kc7 42. Rbc2 Rxa4 43. Rxc6+ Kb7 44. R6c3 Nb5 45. Rc4
Ra1 46. Bb2 Rd1 47. d4 exd4 48. exd4 Nxd4 49. Bxd4 R1xd4 50. Rb2+ Ka7 51. Rc8
Rb7 52. Re2 Ra4 53. Ree8 Ra2 54. Ra8+ Kb6 55. Re6+ Kb5 56. Re4 Kc6 57. Re6+ Kb5
58. Re1 Kc5 59. Rc1+ Kd6 60. Rd8+ Ke6 61. Re1+ Kf5 62. Re3 Rb5 63. h3 a5 64.
Rh8 Kg6 65. g4 0-1

[Event "OLSW 1920 SVG Saarbrücken - SF Heideshei"]
[Site "?"]
[Date "2019.10.20"]
[Round "2.4"]
[White "Spielmann, Alain"]
[Black "Siegismund, Annelen"]
[Result "1/2-1/2"]
[WhiteElo "2206"]
[BlackElo "2130"]
[PlyCount "81"]
[EventDate "2019.??.??"]

1. c4 c5 2. g3 g6 3. Bg2 Bg7 4. Nc3 Nc6 5. Nf3 e6 6. h4 h6 7. d3 Nge7 8. Bd2 d5
9. Qc1 b6 10. Rb1 Bb7 11. O-O Qd7 12. a3 Rc8 13. b3 Nd4 14. Nxd4 cxd4 15. Na2
dxc4 16. bxc4 g5 17. hxg5 hxg5 18. Bxg5 Nf5 19. Nb4 Bh6 20. Nc2 Rc5 21. Bxh6
Bxg2 22. Kxg2 Rxh6 23. Rb5 Qc6+ 24. f3 Rg6 25. Kf2 Rxb5 26. cxb5 Qxb5 27. Qf4
Qc5 28. g4 Ne7 29. Rc1 e5 30. Qd2 Qd6 31. Rg1 Nd5 32. Ke1 a5 33. Rh1 Kd7 34.
Qc1 Qc6 35. Qb2 Rg8 36. Rh5 Re8 37. Kf2 Qc5 38. Ne1 Ne3 39. Qb3 Re7 40. Ng2 Nd5
41. Nh4 1/2-1/2

[Event "OLSW 1920 SVG Saarbrücken - SF Heideshei"]
[Site "?"]
[Date "2019.10.20"]
[Round "2.5"]
[White "Faldum, Manfred"]
[Black "Busche, Stefan"]
[Result "1-0"]
[WhiteElo "2051"]
[BlackElo "2068"]
[PlyCount "127"]
[EventDate "2019.??.??"]

1. Nf3 Nf6 2. g3 d5 3. Bg2 c6 4. O-O Bg4 5. d3 Nbd7 6. c4 e6 7. b3 Be7 8. Bb2
O-O 9. Qc2 h6 10. Nbd2 Bf5 11. Bc3 Bh7 12. Qb2 a5 13. a3 a4 14. b4 b5 15. cxb5
cxb5 16. Rac1 Qb6 17. Ne5 Nxe5 18. Bxe5 Rac8 19. Rc3 Qb7 20. Rfc1 Rxc3 21. Qxc3
Ne8 22. Qc6 Qxc6 23. Rxc6 Bf5 24. Nb1 f6 25. Bb8 d4 26. Rb6 Kh8 27. Nd2 g5 28.
Rxb5 Ng7 29. Ba7 e5 30. Bc6 Rc8 31. Rb8 Kh7 32. Rxc8 Bxc8 33. Bxa4 Ne6 34. Bc6
Nd8 35. Bd5 Ne6 36. Nc4 Nc7 37. Bc6 Ba6 38. Nb2 Nb5 39. Bxb5 Bxb5 40. a4 Bd7
41. b5 Kg7 42. Nc4 Kf8 43. Bb8 Ke8 44. Bc7 Be6 45. a5 Kd7 46. Bb6 Kc8 47. e3
Bd7 48. exd4 exd4 49. Bxd4 Bxb5 50. Kf1 Kb7 51. Ke2 f5 52. f4 Ka6 53. Bb6 h5
54. Ke3 h4 55. gxh4 gxh4 56. Kd4 Bf6+ 57. Kd5 Bc3 58. Ke6 h3 59. Kxf5 Bd7+ 60.
Kg5 Be1 61. f5 Bg3 62. Bg1 Bc7 63. f6 Be6 64. Kg6 1-0

[Event "OLSW 1920 SVG Saarbrücken - SF Heideshei"]
[Site "?"]
[Date "2019.10.20"]
[Round "2.7"]
[White "Beck, Michael"]
[Black "Pernutz, Hans-Gerhard"]
[Result "1-0"]
[WhiteElo "2088"]
[BlackElo "2062"]
[PlyCount "51"]
[EventDate "2019.??.??"]

1. e4 c5 2. d3 e6 3. g3 d5 4. Nd2 Nf6 5. Ngf3 Nc6 6. Bg2 Be7 7. O-O O-O 8. e5
Nd7 9. Re1 b5 10. h4 a5 11. Nf1 b4 12. N1h2 Kh8 13. Bf4 Nd4 14. Ng5 Qe8 15. c3
bxc3 16. bxc3 Nf5 17. h5 Ra7 18. Qd2 Bb7 19. Rab1 Bc6 20. g4 Nh6 21. c4 Qa8 22.
Rb2 dxc4 23. Bxc6 Qxc6 24. dxc4 Nb6 25. Qc2 Rd7 26. Qxh7# 1-0

[Event "OLSW 1920 SVG Saarbrücken - SF Heideshei"]
[Site "?"]
[Date "2019.10.20"]
[Round "2.8"]
[White "Jenner, Meikel"]
[Black "Winkler, Nils"]
[Result "1-0"]
[WhiteElo "1905"]
[BlackElo "1825"]
[PlyCount "83"]
[EventDate "2019.??.??"]

1. e4 c5 2. d4 cxd4 3. c3 g6 4. Nf3 Bg7 5. Bc4 e6 6. Nxd4 Ne7 7. Nb5 d5 8. exd5
a6 9. Qa4 O-O 10. dxe6 Bxe6 11. Bxe6 fxe6 12. Nd4 Bxd4 13. cxd4 Nf5 14. O-O b5
15. Qb3 Nxd4 16. Qh3 Qf6 17. Nc3 Nbc6 18. Be3 Rad8 19. Rad1 Qf5 20. Qh4 e5 21.
Rfe1 Nc2 22. Rxd8 Rxd8 23. Rd1 Rxd1+ 24. Nxd1 Nxe3 25. fxe3 Qd3 26. Qg4 Kf7 27.
Qf3+ Ke7 28. Nc3 Nb4 29. Qb7+ Kf8 30. Qb8+ Kf7 31. Qxe5 Qd2 32. Qf4+ Kg8 33. h3
Nd3 34. Qd4 Qf2+ 35. Kh2 Ne1 36. Qd5+ Kg7 37. Qe5+ Kf7 38. Qg3 Qd2 39. Ne4 Qd5
40. Qf4+ Kg7 41. Qf6+ Kh6 42. Qf8+ 1-0

[Event "OLSW 1920 SK Altenkirchen - SC Caissa Sc"]
[Site "?"]
[Date "2019.10.20"]
[Round "2.1"]
[White "Frischmann, Rick"]
[Black "Bruehl, Andreas"]
[Result "1/2-1/2"]
[WhiteElo "2320"]
[BlackElo "2348"]
[PlyCount "187"]
[EventDate "2019.??.??"]

1. e4 e5 2. Nf3 Nc6 3. d4 exd4 4. Nxd4 Nf6 5. Nxc6 bxc6 6. e5 Qe7 7. Qe2 Nd5 8.
h4 Qe6 9. g3 Bc5 10. Bh3 Qe7 11. c4 Nb6 12. Nd2 O-O 13. O-O d6 14. Bxc8 Raxc8
15. Nb3 dxe5 16. Qe4 Qd6 17. Bg5 f5 18. Qc2 Rf7 19. Rad1 Qf8 20. Bc1 Re8 21.
Kg2 h6 22. Rfe1 Nd7 23. Nxc5 Nxc5 24. b4 Ne4 25. c5 Nf6 26. Bb2 e4 27. Bxf6
Rxf6 28. Rd7 Re7 29. Red1 Qf7 30. Rd8+ Kh7 31. R1d4 Rfe6 32. Qb3 f4 33. gxf4
Qxf4 34. Qg3 Qxg3+ 35. Kxg3 Rg6+ 36. Kf4 Rf6+ 37. Ke3 Rf3+ 38. Ke2 Ra3 39. R8d7
Rxa2+ 40. Ke3 Ra3+ 41. Ke2 Rxd7 42. Rxd7 a5 43. Rxc7 axb4 44. Rxc6 Rc3 45. Kf1
b3 46. Kg2 Kg8 47. Rb6 Kf7 48. Kh2 Ke7 49. Kg2 Kd7 50. Kh2 Kc7 51. Kg2 Rf3 52.
Kg1 Rh3 53. Kg2 Rxh4 54. Rxb3 Rg4+ 55. Kh3 Rg5 56. Re3 Re5 57. Kg4 Kc6 58. Kf4
Re7 59. Rc3 Kd5 60. Rc2 Rf7+ 61. Kg4 Rf6 62. Kg3 g6 63. Kg4 Rc6 64. Kf4 Rxc5
65. Rd2+ Ke6 66. Kxe4 Rf5 67. f4 Ra5 68. Rb2 Ra4+ 69. Kf3 Ra3+ 70. Ke4 h5 71.
Rb6+ Kf7 72. Rb7+ Kf6 73. Rb6+ Kg7 74. Rb7+ Kh6 75. Rb8 Rg3 76. Ra8 Rg1 77. Rb8
Re1+ 78. Kf3 Kg7 79. Rb7+ Kf6 80. Rb6+ Re6 81. Rb5 Ra6 82. Rb8 Ra3+ 83. Ke4 h4
84. Rh8 h3 85. Rh7 Rb3 86. Rh8 Kg7 87. Rh4 Ra3 88. Ke5 Rb3 89. Ke4 g5 90. Rh5
Rg3 91. fxg5 Kg6 92. Kf4 Kxh5 93. Kxg3 Kxg5 94. Kxh3 1/2-1/2

[Event "OLSW 1920 SK Altenkirchen - SC Caissa Sc"]
[Site "?"]
[Date "2019.10.20"]
[Round "2.2"]
[White "Weimann, Maximilian"]
[Black "Wild, Achim"]
[Result "0-1"]
[WhiteElo "2211"]
[BlackElo "2278"]
[PlyCount "88"]
[EventDate "2019.??.??"]

1. e4 d6 2. d4 Nf6 3. Nc3 e5 4. Nge2 Be7 5. g3 O-O 6. Bg2 c6 7. O-O Re8 8. a4
a5 9. h3 Na6 10. Be3 Nb4 11. Qd2 Qc7 12. Rad1 b6 13. g4 Ba6 14. f4 Rad8 15. Qc1
Na2 16. Qd2 Nb4 17. Qc1 Na2 18. Qd2 exd4 19. Bxd4 Nxc3 20. Bxc3 d5 21. Bxf6
Bxf6 22. e5 Bh4 23. Rf3 f6 24. e6 f5 25. gxf5 Rf8 26. Nd4 Be7 27. Bf1 Bb7 28.
Rg3 Bf6 29. e7 Bxd4+ 30. Qxd4 Qxe7 31. Qxb6 Rxf5 32. Re3 Qd7 33. Rde1 Rf7 34.
Qxa5 Rdf8 35. Qc5 Rxf4 36. Qe7 Qc8 37. a5 Ba6 38. Bg2 Kh8 39. Rg3 R4f7 40. Qe6
Qd8 41. b4 Qb8 42. Rg4 Qa7+ 43. Qe3 Re8 44. Qxa7 Rxe1+ 0-1

[Event "OLSW 1920 SK Altenkirchen - SC Caissa Sc"]
[Site "?"]
[Date "2019.10.20"]
[Round "2.3"]
[White "Fries, Frederik"]
[Black "Heidorn, Oliver"]
[Result "1-0"]
[WhiteElo "2305"]
[BlackElo "2116"]
[PlyCount "65"]
[EventDate "2019.??.??"]

1. Nf3 d5 2. e3 Nf6 3. c4 c6 4. Nc3 g6 5. d4 Bg7 6. Be2 O-O 7. O-O Re8 8. h3 h6
9. Ne5 Be6 10. Bd2 Nfd7 11. cxd5 cxd5 12. f4 Nc6 13. Bd3 Ndxe5 14. fxe5 Na5 15.
Bb1 Nc6 16. Ne2 Qb6 17. Bc3 Nxe5 18. dxe5 Qxe3+ 19. Kh1 Bxe5 20. Bxe5 Qxe5 21.
Nd4 Bd7 22. Nf3 Qh5 23. Qd4 Rec8 24. Bd3 Be6 25. Rae1 Rc6 26. Re5 g5 27. Qe3
Bg4 28. Rxe7 Re6 29. Rxe6 Bxe6 30. Nd4 Re8 31. Nxe6 Rxe6 32. Qxa7 g4 33. Qb8+
1-0

[Event "OLSW 1920 SK Altenkirchen - SC Caissa Sc"]
[Site "?"]
[Date "2019.10.20"]
[Round "2.4"]
[White "Moeller, Jeremy"]
[Black "Gress, Alexander"]
[Result "1-0"]
[WhiteElo "2026"]
[BlackElo "2210"]
[PlyCount "155"]
[EventDate "2019.??.??"]

1. e4 c5 2. Nf3 d6 3. Bb5+ Nd7 4. c3 a6 5. Ba4 Ngf6 6. Qe2 b5 7. Bc2 Bb7 8. O-O
e6 9. d4 Be7 10. a4 O-O 11. e5 dxe5 12. dxe5 Bxf3 13. gxf3 Nd5 14. axb5 axb5
15. Rxa8 Qxa8 16. f4 c4 17. Rd1 f5 18. exf6 Rxf6 19. Qe4 Rg6+ 20. Kh1 Nc5 21.
Qf3 Rf6 22. Na3 Qb8 23. f5 Nd3 24. Bxd3 cxd3 25. Qe4 Bxa3 26. Bg5 Bxb2 27. Bxf6
Nxf6 28. Qxe6+ Kh8 29. Rxd3 Qa8+ 30. Kg1 h6 31. Qb3 Qa1+ 32. Rd1 Qa4 33. Rd8+
Kh7 34. Qxb2 Qg4+ 35. Kf1 Qh3+ 36. Ke1 Ne4 37. Qc2 Qg2 38. Qe2 Qg1+ 39. Qf1 Qg5
40. Qd3 Qg1+ 41. Ke2 Qxf2+ 42. Kd1 Qg1+ 43. Kc2 Qxh2+ 44. Kb1 Qg1+ 45. Kb2 Nc5
46. Qd5 Na4+ 47. Ka3 Qc5+ 48. Qxc5 Nxc5 49. Kb4 Ne4 50. Rd4 Ng3 51. Rd5 g5 52.
fxg6+ Kxg6 53. Kxb5 Ne4 54. Kc4 h5 55. Kd3 Nf6 56. Rd4 Kg5 57. c4 h4 58. Ke3
Ng4+ 59. Kf3 Ne5+ 60. Kg2 Nc6 61. Rd6 Ne7 62. Re6 Nf5 63. c5 Nd4 64. Rd6 Nb5
65. Rb6 Na7 66. Re6 Kf5 67. Re8 Nc6 68. Kh3 Kf6 69. Kxh4 Ne7 70. Kg4 Kf7 71.
Rd8 Nc6 72. Rd6 Nb8 73. Kf5 Ke7 74. Ke5 Nd7+ 75. Kd5 Nb8 76. c6 Na6 77. Rd7+
Ke8 78. Kd6 1-0

[Event "OLSW 1920 SK Altenkirchen - SC Caissa Sc"]
[Site "?"]
[Date "2019.10.20"]
[Round "2.5"]
[White "Mueller, Max"]
[Black "Nussbaum, Stefan"]
[Result "0-1"]
[WhiteElo "2012"]
[BlackElo "2149"]
[PlyCount "70"]
[EventDate "2019.??.??"]

1. e4 d6 2. d4 Nf6 3. Nc3 g6 4. Be3 Bg7 5. f3 O-O 6. Qd2 c6 7. g4 Nbd7 8. Bh6
e5 9. Nge2 Nxe4 10. Nxe4 Qh4+ 11. N2g3 Bxh6 12. g5 Bg7 13. Nxd6 exd4 14. f4 Nc5
15. O-O-O Bg4 16. Re1 Rad8 17. Nxf7 Rxf7 18. Bc4 b5 19. Bxf7+ Kxf7 20. Rhf1 Rd5
21. Rf2 h6 22. Qa5 hxg5 23. Qxa7+ Bd7 24. Qb8 Bf6 25. Ref1 g4 26. b4 Na6 27.
Qa7 Nxb4 28. Ne4 Be7 29. Rd2 d3 30. Nc3 Qf6 31. Qa3 Nxa2+ 32. Qxa2 Qxc3 33.
Rfd1 Ba3+ 34. Kb1 dxc2+ 35. Qxc2 Bf5 0-1

[Event "OLSW 1920 SK Altenkirchen - SC Caissa Sc"]
[Site "?"]
[Date "2019.10.20"]
[Round "2.6"]
[White "Kaster, Martin"]
[Black "Buermann, Jan"]
[Result "1/2-1/2"]
[WhiteElo "2085"]
[BlackElo "2102"]
[PlyCount "111"]
[EventDate "2019.??.??"]

1. g3 Nf6 2. f4 d5 3. Nf3 c5 4. Bg2 Nc6 5. d3 g6 6. c3 Bg7 7. Qc2 O-O 8. e4 d4
9. e5 Nd5 10. O-O Bf5 11. Na3 dxc3 12. bxc3 Nb6 13. Rd1 c4 14. Ne1 f6 15. Qe2
fxe5 16. dxc4 Qc8 17. c5 Nd7 18. g4 Be6 19. Nd3 Nf6 20. h3 Nd5 21. Bxd5 Bxd5
22. Nxe5 Bxe5 23. Rxd5 Bxc3 24. Rb1 e6 25. Rd6 Bd4+ 26. Be3 Bxe3+ 27. Qxe3 Nd8
28. Nb5 a6 29. Nc3 Qc7 30. Rbd1 Rc8 31. Ne4 Nc6 32. Qb3 Nd8 33. Qc3 Rf7 34.
Nf6+ Kf8 35. g5 Nc6 36. Qe3 Nb4 37. Rxe6 Re7 38. Rxe7 Qxe7 39. Qxe7+ Kxe7 40.
a3 Nc2 41. Rd7+ Ke6 42. Rxb7 Rxc5 43. Nxh7 Kf5 44. Rf7+ Ke4 45. Kg2 Nd4 46.
Nf6+ Kxf4 47. Nd7+ Rf5 48. Rxf5+ Kxf5 49. Nc5 a5 50. a4 Kxg5 51. Nb7 Nc6 52.
Kg3 Kf5 53. h4 Kf6 54. Kf4 Ne5 55. Ke4 Nd7 56. Nxa5 1/2-1/2

[Event "OLSW 1920 SK Altenkirchen - SC Caissa Sc"]
[Site "?"]
[Date "2019.10.20"]
[Round "2.7"]
[White "Backens, Johannes"]
[Black "Hoffmann, Thomas"]
[Result "1/2-1/2"]
[WhiteElo "1958"]
[BlackElo "2034"]
[PlyCount "119"]
[EventDate "2019.??.??"]

1. e4 d6 2. d4 Nf6 3. Nc3 g6 4. Nf3 Bg7 5. Be2 O-O 6. O-O Bg4 7. Be3 Bxf3 8.
Bxf3 e5 9. Be2 exd4 10. Bxd4 Nc6 11. Be3 Re8 12. Bf3 Ne5 13. Qe2 Nxf3+ 14. Qxf3
Qe7 15. e5 Qxe5 16. Qxb7 Ng4 17. g3 Nxe3 18. fxe3 Qxe3+ 19. Kh1 Bxc3 20. bxc3
Qxc3 21. Qd5 Qg7 22. Rad1 Rad8 23. Qb7 Qc3 24. Qxa7 Qxc2 25. Rc1 Qe4+ 26. Kg1
Ra8 27. Qxc7 Qd4+ 28. Rf2 Ra7 29. Qc3 Qxc3 30. Rxc3 f5 31. Rd2 Rd8 32. Rcd3 Ra6
33. Rb3 Rd7 34. Kf2 Kf7 35. Kf3 Rda7 36. Rbd3 Ke6 37. Kf2 Rd7 38. Re3+ Kf6 39.
Red3 g5 40. Rd5 Ke6 41. h3 Ra4 42. Kg2 Re4 43. g4 Re5 44. gxf5+ Kxf5 45. Rxd6
Rxd6 46. Rxd6 Re2+ 47. Kg3 Rxa2 48. Rd5+ Kg6 49. Rd6+ Kh5 50. Rd4 Ra3+ 51. Kg2
Re3 52. Ra4 Kg6 53. h4 h6 54. hxg5 hxg5 55. Rb4 Kh5 56. Ra4 Rb3 57. Rc4 Rb2+
58. Kg3 Rb3+ 59. Kg2 g4 60. Rc8 1/2-1/2

[Event "OLSW 1920 SK Altenkirchen - SC Caissa Sc"]
[Site "?"]
[Date "2019.10.20"]
[Round "2.8"]
[White "Hertlein, Alexander"]
[Black "Recktenwald, Cedric"]
[Result "1/2-1/2"]
[WhiteElo "1742"]
[BlackElo "1809"]
[PlyCount "107"]
[EventDate "2019.??.??"]

1. d4 Nf6 2. Nf3 e6 3. e3 c5 4. Be2 Nc6 5. O-O d5 6. b3 cxd4 7. exd4 Be7 8. Bb2
O-O 9. Nbd2 b6 10. Rc1 Bb7 11. c4 dxc4 12. Nxc4 Nb4 13. a3 Nbd5 14. Nfe5 Rc8
15. b4 a6 16. Bf3 Ne8 17. Qb3 Nd6 18. Nxd6 Qxd6 19. Be4 Ba8 20. Rxc8 Rxc8 21.
Qd3 f5 22. Qxa6 Qc7 23. Bb1 Bb7 24. Qa4 Nf4 25. f3 Bf6 26. Re1 Bxe5 27. Rxe5
Qc4 28. Qd1 Ba6 29. Re3 Rd8 30. g3 Ne2+ 31. Kf2 Nxd4 32. Rc3 Qe2+ 33. Qxe2 Nxe2
34. Rc2 Nd4 35. Rd2 Nc6 36. Rxd8+ Nxd8 37. Ke3 Bc4 38. Bd3 Bxd3 39. Kxd3 b5 40.
Kd4 Nb7 41. Ke5 Kf7 42. Bd4 Ke7 43. Bb6 Kd7 44. Be3 Nd6 45. Bc1 Nf7+ 46. Kd4
Kd6 47. f4 Nd8 48. h3 Nc6+ 49. Kd3 h5 50. Bb2 g6 51. Bf6 Kd5 52. h4 Nb8 53. Be5
Nd7 54. Bd4 1/2-1/2

[Event "OLSW 1920 SK Altenkirchen - SK Landau"]
[Site "?"]
[Date "2019.11.24"]
[Round "3.1"]
[White "Lang, Torsten"]
[Black "Bruehl, Andreas"]
[Result "1-0"]
[WhiteElo "2316"]
[BlackElo "2350"]
[PlyCount "97"]
[EventDate "2019.??.??"]

1. d4 d5 2. Bf4 Nf6 3. e3 e6 4. Nd2 c5 5. c3 Bd6 6. Bg3 O-O 7. Ngf3 Qc7 8. Ne5
Nbd7 9. f4 b6 10. Bd3 a5 11. Qe2 Bb7 12. O-O Ne4 13. Nxe4 dxe4 14. Bb5 Nf6 15.
f5 Bc8 16. fxe6 Bxe6 17. Rad1 Nd5 18. c4 Ne7 19. Be1 f6 20. Ng4 cxd4 21. exd4
Bxg4 22. Qxg4 Bxh2+ 23. Kh1 f5 24. Qh3 Bd6 25. Bh4 g6 26. Bg5 h5 27. c5 bxc5
28. dxc5 Qxc5 29. Qb3+ Kg7 30. a4 Rf7 31. Qe6 Nc8 32. Rd5 Qb4 33. Be8 Qb7 34.
Bxf7 Qxf7 35. Bh6+ Kg8 36. Rxd6 Nxd6 37. Qxd6 Re8 38. Be3 Qe6 39. Qc7 Qe5 40.
Qb6 Re6 41. Qb3 Kf7 42. Rd1 Qc7 43. Qb5 Rc6 44. Bf4 Qb6 45. Rd7+ Ke8 46. Qd5
Re6 47. Bg5 Kf8 48. Qa8+ Re8 49. Bh6+ 1-0

[Event "OLSW 1920 SK Altenkirchen - SK Landau"]
[Site "?"]
[Date "2019.11.24"]
[Round "3.2"]
[White "Heidorn, Oliver"]
[Black "Bruch, Jochen"]
[Result "1/2-1/2"]
[WhiteElo "2103"]
[BlackElo "2205"]
[PlyCount "59"]
[EventDate "2019.??.??"]

1. d4 Nf6 2. c4 c5 3. d5 e6 4. Nc3 exd5 5. cxd5 d6 6. e4 g6 7. f4 Bg7 8. Bb5+
Nfd7 9. a4 O-O 10. Nf3 Na6 11. O-O Nb4 12. Na2 Nxa2 13. Rxa2 a6 14. Bd3 Re8 15.
b3 Rb8 16. Bb2 Bxb2 17. Rxb2 b5 18. axb5 axb5 19. Rbf2 c4 20. bxc4 bxc4 21. Bc2
Qb6 22. Nd4 Nc5 23. Nc6 Rb7 24. e5 Bd7 25. exd6 Bxc6 26. dxc6 Qxc6 27. f5 Rd7
28. Qg4 Qxd6 29. Qxc4 Qd4 30. Qxd4 1/2-1/2

[Event "OLSW 1920 SK Altenkirchen - SK Landau"]
[Site "?"]
[Date "2019.11.24"]
[Round "3.3"]
[White "Koehler, Patrick"]
[Black "Moeller, Jeremy"]
[Result "1-0"]
[WhiteElo "2108"]
[BlackElo "2041"]
[PlyCount "91"]
[EventDate "2019.??.??"]

1. d4 e6 2. c4 f5 3. Nc3 Nf6 4. g3 d5 5. Bg2 c6 6. Nh3 Bd6 7. O-O O-O 8. Qd3 b6
9. cxd5 Nxd5 10. Bg5 Qe8 11. Qd2 Bb7 12. e4 Nxc3 13. bxc3 c5 14. Rfe1 cxd4 15.
cxd4 Na6 16. Rab1 Qa4 17. d5 Bb4 18. Qd1 Qa5 19. Re2 fxe4 20. dxe6 Qe5 21. Rxb4
Nxb4 22. Be7 Nxa2 23. Rxa2 Qxe6 24. Rd2 Qxe7 25. Rd7 Qb4 26. Rxb7 e3 27. fxe3
Rad8 28. Bd5+ Kh8 29. Qa1 Qg4 30. Nf4 Rde8 31. Bf3 Qg5 32. Qc3 Re7 33. Rxe7
Qxe7 34. h4 a5 35. h5 Re8 36. Nd5 Qg5 37. Kg2 h6 38. Nf4 Qc5 39. Qd3 Qxe3 40.
Ng6+ Kh7 41. Qf5 Rd8 42. Ne7+ Kh8 43. Be4 Qd2+ 44. Kh3 Qd7 45. Ng6+ Kg8 46.
Bd5+ 1-0

[Event "OLSW 1920 SK Altenkirchen - SK Landau"]
[Site "?"]
[Date "2019.11.24"]
[Round "3.4"]
[White "Nussbaum, Stefan"]
[Black "Kopp, Bjoern"]
[Result "0-1"]
[WhiteElo "2155"]
[BlackElo "2200"]
[PlyCount "64"]
[EventDate "2019.??.??"]

1. c4 e5 2. d3 Nc6 3. e4 Bc5 4. f4 d6 5. Nc3 Nf6 6. f5 g6 7. Nh3 Ng8 8. Bg5
Nce7 9. g4 h6 10. Bh4 h5 11. Nd5 c6 12. Nf6+ Nxf6 13. Bxf6 Qa5+ 14. Ke2 Rg8 15.
a3 Bd4 16. Qc1 Qc7 17. Qh6 Qb6 18. Rd1 hxg4 19. Ng5 Be3 20. Bxe7 Kxe7 21. f6+
Ke8 22. Qh7 Rf8 23. Nxf7 Rxf7 24. Qg8+ Rf8 25. Qxg6+ Rf7 26. Qg8+ Rf8 27. Qg6+
Kd8 28. Qg7 Bd7 29. Qxf8+ Kc7 30. Qxa8 Bg5 31. Ke1 Qe3+ 32. Be2 Bh4+ 0-1